000 00838cad a22001815a 4500
001 E152722
008 110418s2009 xxk f 000 0 eng d
035 _a(Sirsi) u152722
041 0 _aeng
110 2 _aChangeworks
_95935
245 0 0 _aRenewable heritage
_ba guide to microgeneration in traditional and historic homes
_h[electronic resource]
260 _aEdinburgh
_bChangeworks
_c2009
520 _aDiscusses microgeneration technologies suitable for installation in historic buildings, and looks at a case study of a solar water heating project in Edinburgh.
651 4 _aScotland
_y1999-
690 _aENVIRONMENTAL AND LAND CONSULTANCY-ENERGY-ENERGY USE-ENERGY EFFICIENCY
856 4 0 _uhttps://www.changeworks.org.uk/uploads/Renewable_Heritage_Online.pdf
_zView the report free of charge at www.changeworks.org.uk
942 _n0
999 _c112183
_d112183